000 00249nam a2200109Ia 4500
008 190216s9999||||xx |||||||||||||| ||und||
100 _aAlaxender Bek
245 0 _aVolo Kolang Highway
260 _bCurrent Books
650 _aMalayalam
942 _cBK
999 _c23797
_d23797